Empowerment and Poverty Reduction: A Sourcebook (Record no. 2481)

MARC details
005 - DATE AND TIME OF LATEST TRANSACTION
control field 20250520110658.0
020 ## - INTERNATIONAL STANDARD BOOK NUMBER
International Standard Book Number 0-8213-5166-4
082 ## - DEWEY DECIMAL CLASSIFICATION NUMBER
Classification number LECT 362.604 NAR
245 ## - TITLE STATEMENT
Title Empowerment and Poverty Reduction: A Sourcebook
260 ## - PUBLICATION, DISTRIBUTION, ETC.
Place of publication, distribution, etc. Washington DC,
Name of publisher, distributor, etc. The World Bank,
Date of publication, distribution, etc. 2002.
300 ## - PHYSICAL DESCRIPTION
Extent xxiv, 371p.: ill.; figure, table.
Dimensions 23cm.
700 ## - ADDED ENTRY--PERSONAL NAME
Other authors/Editors NARAYAN, D.
942 ## - ADDED ENTRY ELEMENTS (KOHA)
Source of classification or shelving scheme Dewey Decimal Classification
Koha item type Books
Holdings
Date last seen Total checkouts Full call number Barcode Cost, replacement price Price effective from Koha item type Lost status Source of classification or shelving scheme Damaged status Not for loan Withdrawn status Home library Current library Shelving location Date acquired Cost, normal purchase price
05/20/2025   LECT 362.604 NAR 0000009350 75000.00 05/20/2025 Books   Dewey Decimal Classification       College of Business Education Main Library College of Business Education Main Library General Collection 10/08/2009 25000.00
05/20/2025   LECT 362.604 NAR 0000009351 75000.00 05/20/2025 Books   Dewey Decimal Classification       College of Business Education Main Library College of Business Education Main Library General Collection 10/08/2009 25000.00